effectiveness of fresh cassava foliage brewer's grains and banana stem on the growth performance of local crossbred goat ប្រសិទ្ធភាពនៃការប្រប្រាស់ស្លឹកដំឡូងមីស្រស់កាកស្រាប្រៀរនិងដើមចេកលើការលូតលាស់របស់ពូជកូនកាត់ក្នុងស្រុក (Record no. 18279)

000 -LEADER
fixed length control field 00808nam a22001337a 4500
040 ## - CATALOGING SOURCE
Transcribing agency RUA
082 ## - DEWEY DECIMAL CLASSIFICATION NUMBER
Classification number ANS PEC 2018 B648 Or.1
100 ## - MAIN ENTRY--AUTHOR NAME
Personal name PECH PUNARIAY បុិច ពណ្ណារាយ
245 ## - TITLE STATEMENT
Title effectiveness of fresh cassava foliage brewer's grains and banana stem on the growth performance of local crossbred goat ប្រសិទ្ធភាពនៃការប្រប្រាស់ស្លឹកដំឡូងមីស្រស់កាកស្រាប្រៀរនិងដើមចេកលើការលូតលាស់របស់ពូជកូនកាត់ក្នុងស្រុក
260 ## - PUBLICATION, DISTRIBUTION, ETC. (IMPRINT)
Place of publication RUA
Name of publisher PHNOM PENH
Year of publication 2018
300 ## - PHYSICAL DESCRIPTION
Number of Pages x;35p
Other physical details ill;
Dimensions 29cm
856 ## - ELECTRONIC LOCATION AND ACCESS
Uniform Resource Identifier https://drive.google.com/file/d/1bnPWWLO9I_2HPvK12Jbfl1n1iVW2kAID/view?usp=sharing
942 ## - ADDED ENTRY ELEMENTS (KOHA)
Koha item type ANS
952 ## - LOCATION AND ITEM INFORMATION (KOHA)
Withdrawn status [LOCAL, KOHA] 0
952 ## - LOCATION AND ITEM INFORMATION (KOHA)
Withdrawn status [LOCAL, KOHA] 0
952 ## - LOCATION AND ITEM INFORMATION (KOHA)
Withdrawn status [LOCAL, KOHA] 0
952 ## - LOCATION AND ITEM INFORMATION (KOHA)
Withdrawn status [LOCAL, KOHA] 0
952 ## - LOCATION AND ITEM INFORMATION (KOHA)
Withdrawn status [LOCAL, KOHA] 0
952 ## - LOCATION AND ITEM INFORMATION (KOHA)
Withdrawn status [LOCAL, KOHA] 0
Holdings
Permanent Location Date acquired Koha item type Lost status Shelving location Barcode Current Location Full call number
Library Block B2019-10-04ANS B648A40654Library Block BANS PEC 2018 B648 Or.1
Library Block B2019-10-04ANS B648A40812Library Block BANS PEC 2018 B648 Or.2
Library Block B2019-10-04ANS B648A40444Library Block BANS PEC 2018 B648 Or.3
Library Block B2019-10-04ANS B648A40519Library Block BANS PEC 2018 B648 Or.4
Library Block B2019-10-04ANS B648A40673Library Block BANS PEC 2018 B648 Or.5
Library Block B2019-10-04ANS B648A40579Library Block BANS PEC 2018 B648 Or.6
មជ្ឈមណ្ឌលឯការនៃសាកលវិទ្យាល័យភូមិន្ទកសិកម្មចំការដូង

Powered by Koha